Guess the 1970s song lyrics #263 - Statistics

General Stats
  • This quiz has been taken 15 times
  • The average score is 171 of 309
Answer Stats
Answer % Correct
a
100%
do
100%
the
100%
The
100%
to
100%
We
100%
we
100%
when
100%
you
100%
You
100%
your
100%
and
92%
And
92%
for
92%
go
92%
how
92%
me
92%
not
92%
oh
92%
that
92%
us
92%
who
92%
all
85%
Can
85%
hear
85%
if
85%
it
85%
It's
85%
nothin
85%
of
85%
on
85%
this
85%
Why
85%
are
77%
be
77%
but
77%
But
77%
By
77%
by
77%
from
77%
is
77%
one
77%
say
77%
things
77%
too
77%
want
77%
yeah
77%
Yeah
77%
as
69%
done
69%
our
69%
With
69%
with
69%
you'll
69%
keep
62%
up
62%
Cause
54%
gonna
54%
life
54%
nothing
54%
now
54%
right
54%
Telling
54%
That's
54%
would
54%
haven't
46%
knows
46%
making
46%
more
46%
much
46%
people
46%
real
46%
really
46%
again
38%
change
38%
hearing
38%
hey
38%
made
38%
song
38%
world
38%
wrong
38%
cold
31%
Doo
31%
doo
31%
else
31%
ice
31%
sick
31%
sing
31%
stand
31%
tired
31%
truth
31%
5
23%
along
23%
amazed
23%
amused
23%
becoming
23%
brought
23%
care
23%
changing
23%
concerned
23%
cool
23%
counted
23%
decisions
23%
dum
23%
involved
23%
Jackson
23%
join
23%
loud
23%
mind
23%
misled
23%
na
23%
nightmare
23%
person's
23%
ridiculed
23%
Though
23%
upon
23%
views
23%
wake
23%
whoa
23%
wop
23%
yourself
23%
bum
15%
pacifiers
15%
turn
0%
No matching quizzes found
Score Distribution
Percent of People with Each Score
Percentile by Number Answered
Your Score History
You have not taken this quiz